00509nam a22001577a 450000500170000000800410001702000180005804100080007608200160008410000230010024500300012326000510015330000190020465000900022370000380031320260514124123.0260514b |||||||| |||| 00| 0 eng d a9781041012962 aEng a658.403 PAN aPandey, Jay Kumar  aAI in Business Management aNew YorkbRoutledge (Productivity Press)c2025 a410;. P. 25 cm aArtificial intelligence--Business applications; Technological innovations--Management a Rai, Mritunjay and Ray, Samrat